000
00323nam a22001337a 4500
005
20231006151223.0
008
231006b ||||| |||| 00| 0 eng d
040
_c
AL
041
_a
English
082
_2
23
_a
792
_b
PRIW
100
_a
PRIESTLEY (J B)
_9
136486
245
_a
Wonderful world of the theatre
942
_2
ddc
_c
BK
999
_c
228921
_d
228921